000
00292nam a22001097a 4500
008
230620b xxu||||| |||| 00| 0 eng d
082
_a
327.51
_b
YU 1975
245
_a
China's African Policy
_b
A Study of Tanzania
260
_a
USA
_b
Praeger Publishers
_c
1975
300
_a
XX,200p
942
_2
ddc
_c
BK
999
_c
1891
_d
1891